| 000 | 00407nam a22001697a 4500 | ||
|---|---|---|---|
| 005 | 20160518165057.0 | ||
| 008 | 160518b xxu||||| |||| 00| 0 eng d | ||
| 020 | _a978-0-07-015328-8 | ||
| 041 | _aeng | ||
| 082 | _b3051 | ||
| 100 |
_aSaxena J.P. _9762 |
||
| 245 | _aProduction and Operations Management | ||
| 260 |
_aNew Delhi _bTMH, _c2009 |
||
| 300 | _a580 | ||
| 650 |
_aManagement _9241 |
||
| 942 | _cBK | ||
| 999 |
_c1048 _d1048 |
||